La lista de Schindler

Đã lưu trong:
Chi tiết về thư mục
Tác giả chính: Keneally, Thomas
Định dạng: Sách
Ngôn ngữ:Undetermined
Được phát hành: Barcelona, España Ediciones B. 1994
Những chủ đề:
Các nhãn: Thêm thẻ
Không có thẻ, Là người đầu tiên thẻ bản ghi này!

MARC

LEADER 00000nam a2200000Ia 4500
008 170316s9999 xx 000 0 und d
090 |a 800-Is K-1L 
100 |a Keneally, Thomas 
245 |a La lista de Schindler 
260 |a Barcelona, España 
260 |b Ediciones B. 
260 |c 1994 
300 |a 573 páginas 
650 |a OTRAS LITERATURAS 
650 |a LITERATURA DE ISRAEL 
999 |c 19934  |d 19934 
040 |a cru BVZT 
942 |c 15 D  |h 800-Is K-1L  |2 z